[Event "CRO-chT4 South"]
[Site "Zadar"]
[Date "2013.05.19"]
[Round "4.2"]
[White "Sagi, Franko"]
[Black "Stosic, Josip"]
[Result "1-0"]
[WhiteElo "2014"]
[BlackElo "1871"]
[PlyCount "75"]
[EventDate "2013.04.28"]
[EventType "team-tourn"]
[EventRounds "7"]
[EventCountry "CRO"]
[SourceTitle "EXT 2014"]
[Source "ChessBase"]
[SourceDate "2013.11.20"]
[SourceVersion "1"]
[SourceVersionDate "2013.11.20"]
[SourceQuality "1"]
[WhiteTeam "Zadar Casper"]
[BlackTeam "Brodarica"]
[WhiteTeamCountry "CRO"]
[BlackTeamCountry "CRO"]

1. e4 e5 2. Bc4 Bc5 3. Nf3 Nc6 4. Nc3 d6 5. d3 h6 6. Be3 Bxe3 7. fxe3 Nf6 8. Qe2 Na5 9. d4 Nxc4 10. Qxc4 Ng4 11. h3 Nxe3 12. Qe2 exd4 13. Nxd4 Qg5 14. Kf2 Nxg2 15. Qb5+ Qxb5 16. Ndxb5 Nf4 17. Nxc7+ Kd8 18. Nxa8 Nxh3+ 19. Kg3 Ng5 20. Rad1 Bd7 21. Rxd6 Ke7 22. Rhd1 Bc6 23. Nc7 Rc8 24. Rxc6 bxc6 25. Na6 Ne6 26. b4 g5 27. Ne2 h5 28. Nc5 Nxc5 29. bxc5 h4+ 30. Kg4 f6 31. Nd4 a5 32. Nf5+ Ke6 33. Rd6+ Ke5 34. Rd7 Re8 35. Nd6 Rb8 36. c3 Ke6 37. Rc7 Rb2 38. Nf5 1-0

[Event "CRO-chT4 South"]
[Site "Zadar"]
[Date "2013.04.28"]
[Round "1.2"]
[White "Kraljevic, Roko"]
[Black "Stosic, Josip"]
[Result "0-1"]
[WhiteElo "1926"]
[BlackElo "1871"]
[PlyCount "76"]
[EventDate "2013.04.28"]
[EventType "team-tourn"]
[EventRounds "7"]
[EventCountry "CRO"]
[SourceTitle "EXT 2014"]
[Source "ChessBase"]
[SourceDate "2013.11.20"]
[SourceVersion "1"]
[SourceVersionDate "2013.11.20"]
[SourceQuality "1"]
[WhiteTeam "Split Student"]
[BlackTeam "Brodarica"]
[WhiteTeamCountry "CRO"]
[BlackTeamCountry "CRO"]

1. e4 e5 2. Nf3 Nc6 3. Bb5 Nge7 4. 0-0 d6 5. d4 exd4 6. Nxd4 Bd7 7. Be3 Nxd4 8. Bxd7+ Qxd7 9. Bxd4 Nc6 10. Re1 Nxd4 11. Qxd4 c5 12. Qe3 Be7 13. Nc3 0-0 14. Nd5 Bd8 15. Rad1 Re8 16. Qg3 Kh8 17. Kh1 Re5 18. f4 Rh5 19. Qf3 Rh6 20. g4 Qa4 21. g5 Re6 22. f5 Re5 23. Nc3 Qc6 24. g6 fxg6 25. fxg6 Bf6 26. Nd5 Rf8 27. Qh3 h6 28. Rd3 Qe8 29. Qg2 Rg5 30. Nxf6 Rxf6 31. Qd2 Rfxg6 32. Rg3 Rxg3 33. hxg3 Rxg3 34. Re2 Qh5+ 35. Rh2 Qf3+ 36. Rg2 Qxe4 37. Kh2 Rxg2+ 38. Qxg2 Qxg2+ 0-1